| 000 | 00570cam a22002051 4500 | ||
|---|---|---|---|
| 001 | sa 67005460 | ||
| 003 | DLC | ||
| 005 | 20260227112357.0 | ||
| 008 | 781115s1967 ii 000 1 eng | ||
| 010 | _asa 67005460 | ||
| 025 | _aPL480:I-E-8251 | ||
| 035 | _a(OCoLC)4374886 | ||
| 040 |
_aDLC _cMH _dTxU _dDLC |
||
| 042 | _apremarc | ||
| 050 | 0 | 0 |
_aPZ3.K8893 _bKal |
| 100 | 1 |
_aKrishnaswamy, S. Y. _q(Sucheendrum Yegnanarayana), _d1906- |
|
| 245 | 1 | 0 |
_aKalyani's husband _c[by] S. Y. Krishnaswamy. |
| 260 |
_a[Madras] _bHigginbothams _c[1967] |
||
| 300 |
_a309 p. _c19 cm. |
||
| 999 |
_c75221 _d75221 |
||